Modelovanie kovariančnej funkcie gradiometrických meraní z družicovej misie GOCE
Salvato in:
| Autore principale: | |
|---|---|
| Altri autori: | |
| Natura: | Manoscritto Libro |
| Lingua: | slovacco |
| Pubblicazione: |
2016
|
| Soggetti: | |
| Accesso online: | http://is.stuba.sk/zp/portal_zp.pl?podrobnosti=132250 https://opac.crzp.sk/?fn=detailBiblioForm&sid=41728D440EB1EF629114128922FE |
| Tags: |
Nessun Tag, puoi essere il primo ad aggiungerne!!
|
MARC
| LEADER | 00000ntm a22000003a 4500 | ||
|---|---|---|---|
| 001 | stuzp56662 | ||
| 003 | SK-STU | ||
| 005 | 20230906151348.9 | ||
| 007 | ta | ||
| 008 | 150427s2015----xo-----f-mn---000-0-slo-d | ||
| 040 | |a STU |b slo | ||
| 041 | 0 | |a slo | |
| 100 | 1 | |a Hurajová, Monika |u 010130 |k Z4 |4 aut |U SvF Stavebná fakulta |T SvF Katedra geodetických základov |X 7072 |U V130 |Y 13 |7 A000007072 | |
| 242 | 0 | 1 | |a Modelling covariance functions gradiometric measurements from satellite mission GOCE |y eng |
| 245 | 1 | 0 | |a Modelovanie kovariančnej funkcie gradiometrických meraní z družicovej misie GOCE |
| 260 | |c 2016 | ||
| 650 | 4 | |a kovariančná funkcia |2 slo | |
| 650 | 4 | |a GOCE |2 slo | |
| 650 | 4 | |a gravitačný tenzor |2 slo | |
| 650 | 4 | |a covariance functions |2 eng | |
| 650 | 4 | |a GOCE |2 eng | |
| 650 | 4 | |a gravity tensor |2 eng | |
| 700 | 1 | |a Hábel, Branislav |u 010130 |k Z1 |4 ths |U SvF Stavebná fakulta |T SvF Katedra geodetických základov |X 10693 |U V130 |Y 13 |7 A000010693 | |
| 856 | 4 | |u http://is.stuba.sk/zp/portal_zp.pl?podrobnosti=132250 | |
| 856 | 4 | |u https://opac.crzp.sk/?fn=detailBiblioForm&sid=41728D440EB1EF629114128922FE | |
| SQL | |a stuzp56662 |b DDP |c SLO |d Modelovanie kovariančnej funkcie gradiometrických meraní z družicovej misie GOCE |e 7072 |f Hurajová, Monika |g 010130 |h 10693 |i Hábel, Branislav |j 20160616 |k 1205 |l 01 |m http://is.stuba.sk/zp/portal_zp.pl?podrobnosti=132250 |n I-GKK |o 5.1.3. geodézia a kartografia | ||